TV Pop-Ups III Quiz Stats

 Plays Quiz Updated Jan 22, 2019

Support Sporcle.
Go Orange.
Score 0/10 Timer 05:00
0 Plays Today
% Correct
The Bachelor
84.9%
Parks and Recreation
73.5%
The West Wing
61.4%
MythBusters
59.7%
The Brady Bunch
55.9%
Dragon Ball Z
42.2%
Pawn Stars
30.1%
Rick and Morty
26.8%
Archer
23.5%
Adventure Time
22%

From the Vault

Justin Bieber or One Direction?

by awesomeness365

Music 90s
This quiz goes either One Direction or another.
Remove Ads.
Support Sporcle.
Get the best of Sporcle when you Go Orange. This ad-free experience offers more features, more stats, and more fun while also helping to support Sporcle. Thank you for becoming a member.

Show Comments

Extras

Top Quizzes Today


Score Distribution

Your Account Isn't Verified!

In order to create a playlist on Sporcle, you need to verify the email address you used during registration. Go to your Sporcle Settings to finish the process.

Report this User

Report this user for behavior that violates our Community Guidelines.

Details: